[Event "1.Deut.ChessOrgAmatPok Voelklingen GrC"]
[Site "?"]
[Date "2000.10.09"]
[Round "4"]
[White "Woelk, Peter"]
[Black "Cara, Bogdan"]
[Result "1-0"]
[WhiteElo "1516"]
[BlackElo "1331"]
[PlyCount "109"]
[EventDate "2000.??.??"]

1. d4 e6 2. Nf3 d5 3. e3 c5 4. c3 Nc6 5. Nbd2 cxd4 6. exd4 Bd6 7. Bd3 f5 8. O-O
Nf6 9. Re1 O-O 10. Ne5 Qc7 11. Ndf3 Nd7 12. Qe2 Ndxe5 13. Nxe5 Nxe5 14. dxe5
Bc5 15. Bf4 Kh8 16. Rac1 Rg8 17. b4 Be7 18. h3 g5 19. Bh2 Bd7 20. Bxf5 exf5 21.
e6 Bd6 22. Bxd6 Qxd6 23. exd7 Qxd7 24. Qe5+ Rg7 25. Re2 h6 26. Rd1 Rd8 27. Red2
Qf7 28. Rxd5 Rxd5 29. Qxd5 Qxd5 30. Rxd5 f4 31. Kf1 Rc7 32. Rd3 Re7 33. a3 Kg7
34. c4 Kf8 35. c5 Kf7 36. Rc3 Re6 37. b5 Ke7 38. Rc4 Kd7 39. a4 Re5 40. f3 Kd8
41. Kf2 Kd7 42. Rc2 a5 43. Rc3 Kc7 44. Rc4 Kd7 45. c6+ Kc7 46. b6+ Kc8 47. c7
Re8 48. Rd4 Rf8 49. Rd6 Rh8 50. g3 fxg3+ 51. Kxg3 h5 52. Rg6 Kd7 53. h4 g4 54.
fxg4 hxg4 55. Kxg4 1-0

[Event "1.Deut.ChessOrgAmatPok Voelklingen GrC"]
[Site "?"]
[Date "2000.10.09"]
[Round "4"]
[White "Umla, Rudolf"]
[Black "Stoeckchen, Andreas"]
[Result "1-0"]
[WhiteElo "1617"]
[BlackElo "1383"]
[PlyCount "103"]
[EventDate "2000.??.??"]

1. e4 c6 2. c4 d5 3. cxd5 cxd5 4. exd5 Qxd5 5. Nc3 Qa5 6. d4 e6 7. Nf3 Bb4 8.
Bd2 Nf6 9. Bd3 O-O 10. O-O a6 11. a3 Bxc3 12. Bxc3 Qd5 13. Bc2 Nc6 14. Bb3 Qd8
15. Qe2 b5 16. Rfd1 Bb7 17. Bd2 h6 18. Bf4 Rc8 19. Bc2 Ne7 20. Ne5 Qd5 21. f3
Qd8 22. Rd2 Nh5 23. Qd3 Nf6 24. Ng4 Ng6 25. Be5 Nxg4 26. fxg4 f5 27. Bg3 Be4
28. Qb3 Bxc2 29. Rxc2 Rxc2 30. Qxc2 Qxd4+ 31. Bf2 Qxg4 32. Qc6 f4 33. h3 Qf5
34. Re1 e5 35. Rd1 e4 36. Rd5 Qf6 37. Rd6 f3 38. Rxf6 Rxf6 39. Qe8+ Kh7 40.
Qxe4 Rf4 41. Qd3 fxg2 42. Kxg2 Rf7 43. Bg3 h5 44. h4 Kh6 45. Qd6 Rf6 46. Qd2+
Kh7 47. Qg5 Nf4+ 48. Bxf4 Rg6 49. Kf3 Rxg5 50. Bxg5 Kg6 51. Ke4 Kf7 52. Kd5 1-0

[Event "1.Deut.ChessOrgAmatPok Voelklingen GrC"]
[Site "?"]
[Date "2000.10.09"]
[Round "4"]
[White "van Hove, Ode"]
[Black "Pillath, Marcus"]
[Result "0-1"]
[WhiteElo "1447"]
[BlackElo "1338"]
[PlyCount "84"]
[EventDate "2000.??.??"]

1. e4 c6 2. Nc3 d5 3. Nf3 dxe4 4. Nxe4 h6 5. h3 Bf5 6. Ng3 Bg6 7. Ne5 Bh7 8.
Bc4 e6 9. Qh5 g6 10. Qf3 Qf6 11. Qe2 g5 12. d4 Bd6 13. Ne4 Bxe4 14. Qxe4 Ne7
15. Ng4 Qf5 16. Bd3 Qxe4+ 17. Bxe4 f5 18. Bxf5 exf5 19. Ne3 Bf4 20. g3 Bxe3 21.
Bxe3 Nd5 22. Bd2 Kf7 23. O-O-O Nf6 24. Rde1 Nd5 25. Be3 Nxe3 26. Rxe3 Nd7 27.
Rhe1 Rae8 28. R3e2 Rxe2 29. Rxe2 Re8 30. Kd2 Kf8 31. Kd3 Kf7 32. c3 Nf6 33.
Rxe8 Nxe8 34. f3 b5 35. b4 Ke6 36. Ke3 Kd5 37. a3 Nd6 38. Kd3 Nc4 39. Kc2 Ne3+
40. Kd3 Nf1 41. g4 fxg4 42. fxg4 Ng3 0-1

[Event "1.Deut.ChessOrgAmatPok Voelklingen GrC"]
[Site "?"]
[Date "2000.10.09"]
[Round "4"]
[White "Rossmanith, Frederic"]
[Black "Braun, Konstantin"]
[Result "1-0"]
[WhiteElo "1450"]
[BlackElo "282"]
[PlyCount "61"]
[EventDate "2000.??.??"]

1. e4 e5 2. Nf3 Nc6 3. Bb5 a6 4. Ba4 Nf6 5. O-O b5 6. Bb3 Bc5 7. c3 O-O 8. d4
exd4 9. cxd4 Bb6 10. Bg5 h6 11. Bxf6 Qxf6 12. e5 Qd8 13. Bc2 d6 14. Qd3 g6 15.
Bb3 dxe5 16. Qxg6+ Kh8 17. Qxh6+ Kg8 18. Ng5 Bf5 19. Bxf7+ Rxf7 20. Nxf7 Kxf7
21. Qxc6 Bxd4 22. Nc3 Bxc3 23. bxc3 Rc8 24. Rad1 Qg5 25. Rfe1 Rg8 26. Qxc7+ Kg6
27. Qxe5 Kf7 28. Qc7+ Kf6 29. Rd6+ Be6 30. Rdxe6+ Kf5 31. R1e5+ 1-0

[Event "1.Deut.ChessOrgAmatPok Voelklingen GrC"]
[Site "?"]
[Date "2000.10.09"]
[Round "4"]
[White "Schwabe, Manfred"]
[Black "Zimmer, Bernhard"]
[Result "1-0"]
[WhiteElo "1675"]
[BlackElo "729"]
[PlyCount "123"]
[EventDate "2000.??.??"]

1. Nf3 g6 2. c4 d5 3. cxd5 Qxd5 4. Nc3 Qa5 5. d4 Bg7 6. e3 Nf6 7. Bd2 Bd7 8.
Be2 c5 9. Ne4 Qb6 10. Nxc5 Qxb2 11. O-O b6 12. Nxd7 Nbxd7 13. Bd3 Qa3 14. Bb5
a6 15. Bxd7+ Nxd7 16. Qb1 a5 17. Qb5 Qd6 18. Rfc1 Rd8 19. Rc6 Qb8 20. Rac1 O-O
21. Rc7 Nf6 22. R1c6 Rd6 23. Rxe7 Rxc6 24. Qxc6 Rc8 25. Qb7 Qxb7 26. Rxb7 Rc6
27. g3 Ne4 28. Rb8+ Bf8 29. Be1 Kg7 30. Kg2 Bb4 31. a4 Bxe1 32. Nxe1 Nc3 33.
Nd3 Nxa4 34. Ne5 Rd6 35. Rb7 Rf6 36. f4 Nc3 37. g4 Kf8 38. Nd7+ Kg7 39. Nxf6
Kxf6 40. Rxb6+ Kg7 41. Ra6 a4 42. Kf2 Kf8 43. g5 Kg7 44. h4 h6 45. Ke1 h5 46.
Kd2 Ne4+ 47. Ke2 Kf8 48. Kf3 Nc3 49. e4 Ke8 50. Ke3 Nd1+ 51. Ke2 Nb2 52. d5 Kd7
53. e5 Kc7 54. e6 fxe6 55. dxe6 Kd8 56. Kf3 Ke7 57. Ke4 Nd1 58. Ke5 Nb2 59.
Ra7+ Ke8 60. Kf6 Kd8 61. e7+ Ke8 62. Ra8+ 1-0

[Event "1.Deut.ChessOrgAmatPok Voelklingen GrC"]
[Site "?"]
[Date "2000.10.09"]
[Round "4"]
[White "Kuhn, Heinz"]
[Black "Weinz, Andre"]
[Result "1-0"]
[WhiteElo "1678"]
[BlackElo "1288"]
[PlyCount "21"]
[EventDate "2000.??.??"]

1. b4 e6 2. Bb2 Bxb4 3. Bxg7 f6 4. e3 Ne7 5. Bxh8 Kf7 6. Qh5+ Kf8 7. Bd3 f5 8.
Be2 Nd5 9. Qh6+ Ke7 10. Qg5+ Ke8 11. Bh5+ 1-0

[Event "1.Deut.ChessOrgAmatPok Voelklingen GrC"]
[Site "?"]
[Date "2000.10.09"]
[Round "4"]
[White "Bastian, Stephan"]
[Black "Schackmann, Ralf"]
[Result "1-0"]
[WhiteElo "491"]
[BlackElo "1000"]
[PlyCount "65"]
[EventDate "2000.??.??"]

1. e4 d5 2. exd5 Qxd5 3. Nc3 Qa5 4. d3 e5 5. Bd2 Bb4 6. a3 Bxc3 7. Bxc3 Qd5 8.
Nf3 Bg4 9. Be2 Nf6 10. h3 Bxf3 11. Bxf3 Qb5 12. Qe2 O-O 13. O-O Nbd7 14. a4 Qa6
15. Rfe1 Rfe8 16. b3 c5 17. Qe3 Rac8 18. Bd2 b5 19. axb5 Qxb5 20. Rxa7 Nb6 21.
Rea1 Nbd5 22. Bxd5 Nxd5 23. Qe4 Nf6 24. Qf5 h6 25. Bc3 Rcd8 26. R1a5 Qb6 27.
R5a6 Qb5 28. g4 Rf8 29. f4 Rde8 30. fxe5 Nh7 31. h4 g6 32. Rxg6+ fxg6 33. Qxg6+
1-0

[Event "1.DeutChessOrgAmatPokVoelklingen GrAB"]
[Site "?"]
[Date "2000.10.10"]
[Round "5"]
[White "Augustin, Christian"]
[Black "Lang , Thorsten"]
[Result "0-1"]
[WhiteElo "2291"]
[BlackElo "2138"]
[PlyCount "86"]
[EventDate "2000.??.??"]

1. d4 d6 2. Nf3 Nf6 3. Bg5 Nbd7 4. Nbd2 e5 5. c3 Be7 6. e4 O-O 7. Bc4 c6 8. O-O
exd4 9. Bxf6 Bxf6 10. cxd4 c5 11. dxc5 dxc5 12. Qc2 Qc7 13. Rac1 Rb8 14. a4 b6
15. Rfd1 Ne5 16. Nxe5 Bxe5 17. h3 Bh2+ 18. Kh1 Bf4 19. Bf1 Qe7 20. g3 Bc7 21.
b4 Bb7 22. Bg2 Rbd8 23. bxc5 bxc5 24. Nc4 Rd4 25. Ne3 Bxe4 26. Qxc5 Rxd1+ 27.
Nxd1 Bxg2+ 28. Kxg2 Qe4+ 29. Kg1 Bb6 30. Qc4 Qe1+ 31. Qf1 Qd2 32. Qc4 Re8 33.
Kg2 g6 34. Qc6 Re1 35. Qa8+ Kg7 36. Rc8 Qxd1 37. Rg8+ Kf6 38. Qc6+ Re6 39. Qc3+
Bd4 40. Qc8 Bxf2 41. Rxg6+ hxg6 42. Qh8+ Ke7 43. Qh4+ Kd7 0-1

[Event "1.DeutChessOrgAmatPokVoelklingen GrAB"]
[Site "?"]
[Date "2000.10.10"]
[Round "5"]
[White "Welz, Peter,Dr."]
[Black "Bastian , Herbert"]
[Result "1/2-1/2"]
[WhiteElo "2169"]
[BlackElo "2354"]
[PlyCount "84"]
[EventDate "2000.??.??"]

1. e4 c5 2. Nc3 Nc6 3. g3 g6 4. Bg2 Bg7 5. d3 d6 6. Be3 e5 7. Qd2 Rb8 8. Nge2
Nge7 9. Bh6 O-O 10. h4 f6 11. Bxg7 Kxg7 12. f4 Bg4 13. Bh3 Bxh3 14. Rxh3 Qd7
15. Rh2 Nd4 16. Nxd4 cxd4 17. Ne2 d5 18. h5 dxe4 19. dxe4 Ng8 20. hxg6 hxg6 21.
O-O-O Rf7 22. Nc3 Re8 23. Nd5 exf4 24. Rdh1 g5 25. Rh7+ Kg6 26. Rh8 Rg7 27.
Qxd4 Qe6 28. gxf4 Qxe4 29. R1h6+ Kf5 30. Qxe4+ Rxe4 31. Rxg8 Rxg8 32. Nxf6 gxf4
33. Nxg8 f3 34. Kd2 Re2+ 35. Kd3 Re8 36. Rf6+ Ke5 37. Rxf3 Rxg8 38. Rf7 Rb8 39.
Kc4 a6 40. c3 Kd6 41. a4 Kc6 42. a5 Rh8 1/2-1/2

[Event "1.DeutChessOrgAmatPokVoelklingen GrAB"]
[Site "?"]
[Date "2000.10.10"]
[Round "5"]
[White "Morenko, Dimitro"]
[Black "Lacrosse, Marc"]
[Result "0-1"]
[WhiteElo "2112"]
[BlackElo "2298"]
[PlyCount "70"]
[EventDate "2000.??.??"]

1. d4 d5 2. c4 e6 3. Nc3 Nf6 4. Bg5 c6 5. cxd5 exd5 6. Qc2 Be7 7. e3 Nbd7 8.
Bd3 O-O 9. Nf3 Re8 10. O-O Nf8 11. Rab1 a5 12. a3 Ng6 13. b4 axb4 14. axb4 Bd6
15. b5 h6 16. bxc6 bxc6 17. Bxf6 Qxf6 18. Rfc1 Bg4 19. Ne1 Ba3 20. Ne2 Bxc1 21.
Rxc1 Ne7 22. Ng3 Ra3 23. h3 Bd7 24. Nf3 Rea8 25. Rb1 Ra2 26. Qb3 Qd6 27. Qd1
Rb8 28. Ne5 Be6 29. Rc1 f6 30. Nf3 Rbb2 31. Bc2 Qb8 32. Qd3 Rxc2 33. Rxc2 Qb1+
34. Ne1 Qxe1+ 35. Nf1 Bf5 0-1

[Event "1.DeutChessOrgAmatPokVoelklingen GrAB"]
[Site "?"]
[Date "2000.10.10"]
[Round "5"]
[White "Blasius, Stefan"]
[Black "Wilmes , Marcel"]
[Result "0-1"]
[WhiteElo "1717"]
[BlackElo "1820"]
[PlyCount "76"]
[EventDate "2000.??.??"]

1. b4 e6 2. Bb2 Nf6 3. a3 d5 4. e3 c5 5. bxc5 Bxc5 6. Nf3 Nbd7 7. c4 O-O 8.
cxd5 Nxd5 9. Nc3 Nxc3 10. Bxc3 Be7 11. d4 b6 12. Bd3 Bb7 13. Qc2 Rc8 14. Bxh7+
Kh8 15. h4 Bxf3 16. gxf3 Qc7 17. Kd2 Qxc3+ 18. Qxc3 Rxc3 19. Kxc3 Kxh7 20. Kd3
Rd8 21. Rac1 a5 22. a4 e5 23. Kc4 exd4 24. exd4 Bf6 25. Rcd1 Rc8+ 26. Kd5 Rd8
27. Ke4 Nb8 28. d5 Na6 29. d6 Nc5+ 30. Kd5 Nxa4 31. Kc6 Nc3 32. Ra1 a4 33. Kxb6
Rxd6+ 34. Kc5 Rd2 35. Rhf1 a3 36. Kb4 a2 37. Kb3 Rd7 38. Kc2 Rb7 0-1

[Event "1.DeutChessOrgAmatPokVoelklingen GrAB"]
[Site "?"]
[Date "2000.10.10"]
[Round "5"]
[White "Packroff, Hermann"]
[Black "Berrang, Gerrit"]
[Result "1/2-1/2"]
[WhiteElo "2250"]
[BlackElo "1833"]
[PlyCount "42"]
[EventDate "2000.??.??"]

1. d4 Nf6 2. Bg5 e6 3. e4 Be7 4. Nc3 b6 5. e5 Nd5 6. Nxd5 Bxg5 7. Nc3 Bb7 8.
Nf3 d6 9. exd6 cxd6 10. Bb5+ Nd7 11. d5 e5 12. Nxg5 Qxg5 13. O-O Qe7 14. Bc6
Bxc6 15. dxc6 Nf6 16. Nd5 Nxd5 17. Qxd5 O-O 18. Rfd1 Rfd8 19. b4 Qe6 20. b5
Qxd5 21. Rxd5 Kf8 1/2-1/2

[Event "1.DeutChessOrgAmatPokVoelklingen GrAB"]
[Site "?"]
[Date "2000.10.10"]
[Round "5"]
[White "Will, Matthias"]
[Black "Becker, Thomas"]
[Result "1/2-1/2"]
[WhiteElo "2000"]
[BlackElo "2175"]
[PlyCount "103"]
[EventDate "2000.??.??"]

1. d4 Nf6 2. Nf3 e6 3. Bg5 c5 4. e3 Qb6 5. Qc1 Ne4 6. Bf4 Nc6 7. c3 Be7 8. Bd3
d5 9. Bxe4 dxe4 10. Ng5 e5 11. dxe5 Bxg5 12. Bxg5 Nxe5 13. O-O Qg6 14. Bf4 Nd3
15. Qc2 h5 16. Na3 Bg4 17. Nc4 Nxf4 18. exf4 Bf3 19. Qa4+ Kf8 20. Ne3 Be2 21.
Rfe1 Bd3 22. Nc4 Qf5 23. Ne5 Rh6 24. Nxd3 exd3 25. Re5 Qc8 26. Qe4 b6 27. Qxd3
Qc7 28. Qe4 Rd8 29. Re1 Qd7 30. h3 Re6 31. f5 Rxe5 32. Qxe5 Qd6 33. Qe2 Qd2 34.
Qe7+ Kg8 35. Re3 Qd1+ 36. Re1 Qd7 37. Qg5 Re8 38. Rxe8+ Qxe8 39. f6 g6 40. f4
Qe1+ 41. Kh2 h4 42. Qg4 Kh7 43. Qg5 Kg8 44. Qe5 Qg3+ 45. Kg1 Kh7 46. Qe8 Qxf4
47. Qxf7+ Kh6 48. Qe7 Qc1+ 49. Kf2 Qxb2+ 50. Kf1 Qc1+ 51. Kf2 Qd2+ 52. Kg1
1/2-1/2

[Event "1.DeutChessOrgAmatPokVoelklingen GrAB"]
[Site "?"]
[Date "2000.10.10"]
[Round "5"]
[White "Lindemann, Nils"]
[Black "Reinke, Kurt"]
[Result "0-1"]
[WhiteElo "1957"]
[BlackElo "1841"]
[PlyCount "90"]
[EventDate "2000.??.??"]

1. c4 Nf6 2. Nc3 g6 3. e4 d6 4. d4 Bg7 5. Nf3 O-O 6. Be2 e5 7. O-O Nc6 8. d5
Ne7 9. a4 Ne8 10. a5 a6 11. Ne1 f5 12. f3 f4 13. b4 Nf6 14. c5 g5 15. Nd3 h5
16. Nf2 Qe8 17. cxd6 cxd6 18. Na4 Qg6 19. Nb6 Rb8 20. b5 g4 21. Nxc8 Rbxc8 22.
fxg4 hxg4 23. Bxg4 Nxg4 24. Qxg4 axb5 25. Qd7 f3 26. g3 Nxd5 27. exd5 e4 28.
Ra2 Bd4 29. Qe6+ Qxe6 30. dxe6 e3 31. Bxe3 Bxe3 32. Re1 Bc5 33. e7 Rfe8 34. Rb2
Rc7 35. Rxb5 Rcxe7 36. Rxe7 Rxe7 37. Kf1 Re3 38. Rxb7 Ra3 39. Rb1 Rxa5 40. Ne4
Ba7 41. Nxd6 Ra2 42. Nb5 Be3 43. Re1 Rf2+ 44. Kg1 Rg2+ 45. Kh1 f2 0-1

[Event "1.DeutChessOrgAmatPokVoelklingen GrAB"]
[Site "?"]
[Date "2000.10.10"]
[Round "5"]
[White "Bertino, Paolo"]
[Black "Mischke, Luis"]
[Result "1-0"]
[WhiteElo "2136"]
[BlackElo "2063"]
[PlyCount "105"]
[EventDate "2000.??.??"]

1. d4 f5 2. Nf3 Nf6 3. Bf4 g6 4. e3 Bg7 5. Bc4 e6 6. O-O O-O 7. c3 d6 8. Nbd2
Qe7 9. Re1 Nc6 10. Bg3 Ne4 11. Bh4 Bf6 12. Bxf6 Qxf6 13. Qe2 Bd7 14. a3 Kg7 15.
Nxe4 fxe4 16. Nd2 d5 17. Ba2 Rad8 18. f3 exf3 19. Nxf3 Be8 20. Rf1 Qe7 21. e4
a6 22. Rae1 Qd6 23. Qe3 Bf7 24. Ng5 Bg8 25. h4 Rxf1+ 26. Rxf1 h6 27. e5 Qe7 28.
Nf3 Bf7 29. g3 Rh8 30. Nh2 Qe8 31. Ng4 Ne7 32. Nf6 Qb5 33. Qf2 Rf8 34. Bb1 b6
35. h5 Bg8 36. hxg6 Nxg6 37. Qc2 Bh7 38. Nh5+ Kh8 39. Rxf8+ Nxf8 40. Qf2 Kg8
41. Nf6+ Kg7 42. Bxh7 Nxh7 43. Nxh7 Kxh7 44. Qf7+ Kh8 45. Qxe6 Qxb2 46. Qxh6+
Kg8 47. Qg6+ Kf8 48. Qf6+ Ke8 49. e6 Qb1+ 50. Kh2 Qc2+ 51. Kh3 Qh7+ 52. Kg4
Qe4+ 53. Kh5 1-0

[Event "1.DeutChessOrgAmatPokVoelklingen GrAB"]
[Site "?"]
[Date "2000.10.10"]
[Round "5"]
[White "Becking , Franz-Josef"]
[Black "Hilpisch , Ralf"]
[Result "1-0"]
[WhiteElo "2095"]
[BlackElo "1932"]
[PlyCount "137"]
[EventDate "2000.??.??"]

1. e4 c5 2. Nf3 d6 3. Nc3 Nf6 4. d4 cxd4 5. Nxd4 a6 6. Be2 Nbd7 7. Nb3 b5 8. a3
Bb7 9. f3 Qb6 10. Qd4 Qc7 11. Be3 g6 12. Qd2 Nb6 13. Na5 Nc4 14. Bxc4 bxc4 15.
Nxb7 Qxb7 16. Rb1 Bg7 17. O-O O-O 18. Nd5 Nxd5 19. Qxd5 Qxd5 20. exd5 Rab8 21.
b3 cxb3 22. cxb3 Rfc8 23. Rfc1 Kf8 24. Rxc8+ Rxc8 25. Rc1 Rxc1+ 26. Bxc1 Ke8
27. Kf1 Kd7 28. Ke2 Kc7 29. Kd3 e6 30. Kc4 e5 31. b4 f5 32. a4 Bf6 33. b5 Bd8
34. Ba3 a5 35. Bc1 Kb7 36. Be3 Bc7 37. Bf2 Bd8 38. Be3 Bc7 39. g4 fxg4 40. fxg4
Bd8 41. Bf2 Bc7 42. h4 Bd8 43. h5 Bc7 44. Kd3 Bd8 45. Ke4 Bc7 46. Be3 Bd8 47.
Kd3 Bc7 48. Bg5 Kb6 49. Kc4 Kb7 50. Be7 Kb6 51. hxg6 hxg6 52. Bg5 Kb7 53. Kd3
Kb6 54. Be3+ Kb7 55. Ke4 Bd8 56. Kf3 Bc7 57. Kg3 Bd8 58. Kh3 Be7 59. Bf2 Bd8
60. Kg2 Bc7 61. Kh3 Bd8 62. Kg3 Be7 63. Kg2 Bd8 64. Be1 Bc7 65. Kf3 Bd8 66. Ke4
Bc7 67. Bf2 Kc8 68. Be1 Kb7 69. Bf2 1-0

[Event "1.DeutChessOrgAmatPokVoelklingen GrAB"]
[Site "?"]
[Date "2000.10.10"]
[Round "5"]
[White "Schwarz, Karsten"]
[Black "Braun , Burckhard"]
[Result "1-0"]
[WhiteElo "1909"]
[BlackElo "1965"]
[PlyCount "41"]
[EventDate "2000.??.??"]

1. e4 c5 2. Nc3 Nc6 3. f4 e6 4. Bb5 Nd4 5. Bc4 a6 6. a4 g6 7. Nf3 Bg7 8. O-O
Ne7 9. d3 O-O 10. Nxd4 Bxd4+ 11. Kh1 d5 12. Bb3 c4 13. dxc4 Bxc3 14. bxc3 dxe4
15. Ba3 Qxd1 16. Raxd1 Re8 17. a5 Nc6 18. Ba4 e5 19. fxe5 Rxe5 20. Bxc6 bxc6
21. Rd8+ 1-0

[Event "1.Deut.ChessOrgAmatPok Voelklingen Sen"]
[Site "?"]
[Date "2000.10.10"]
[Round "5"]
[White "Escher, Helmut"]
[Black "Gerhardt, Peter-Michael"]
[Result "1/2-1/2"]
[WhiteElo "2039"]
[BlackElo "2145"]
[PlyCount "20"]
[EventDate "2000.??.??"]

1. c4 c5 2. Nc3 Nc6 3. Nf3 Nf6 4. g3 g6 5. Bg2 Bg7 6. O-O O-O 7. d3 d6 8. h3 h6
9. Kh2 Kh7 10. e4 e5 1/2-1/2

[Event "1.Deut.ChessOrgAmatPok Voelklingen Sen"]
[Site "?"]
[Date "2000.10.10"]
[Round "5"]
[White "Leschhorn, Heinrich"]
[Black "Will, Michael"]
[Result "1/2-1/2"]
[WhiteElo "1817"]
[BlackElo "1907"]
[PlyCount "52"]
[EventDate "2000.??.??"]

1. Nf3 d5 2. c4 c6 3. b3 Nf6 4. g3 Bg4 5. Bg2 Bxf3 6. Bxf3 dxc4 7. bxc4 Qd4 8.
Qb3 Qb6 9. Ba3 Nbd7 10. Nc3 Qxb3 11. axb3 e6 12. Bxf8 Rxf8 13. Ne4 Ke7 14. O-O
Rfd8 15. d3 g5 16. b4 a6 17. Nc3 Nb6 18. Rfb1 Rdc8 19. Rb3 Kd7 20. b5 axb5 21.
Rxa8 Rxa8 22. cxb5 Nbd5 23. bxc6+ bxc6 24. Bxd5 cxd5 25. Rb7+ Ke8 26. Nb5 Rd8
1/2-1/2

[Event "1.Deut.ChessOrgAmatPok Voelklingen Sen"]
[Site "?"]
[Date "2000.10.10"]
[Round "5"]
[White "Pukropski, Walter"]
[Black "Simon , Eberhard"]
[Result "1/2-1/2"]
[WhiteElo "1796"]
[BlackElo "1847"]
[PlyCount "44"]
[EventDate "2000.??.??"]

1. d4 Nf6 2. Nc3 d6 3. e4 e5 4. dxe5 dxe5 5. Qxd8+ Kxd8 6. Bg5 Be7 7. Nf3 Nbd7
8. O-O-O Ke8 9. Bc4 c6 10. Rhe1 Ng4 11. h3 Nh2 12. Nxh2 Bxg5+ 13. Kb1 Ke7 14.
Nf3 Bf6 15. Rd2 Nb6 16. Bb3 Be6 17. Bxe6 Kxe6 18. Red1 Rad8 19. b3 Rxd2 20.
Rxd2 Rd8 21. Kb2 Rxd2 22. Nxd2 Be7 1/2-1/2

[Event "1.Deut.ChessOrgAmatPok Voelklingen Sen"]
[Site "?"]
[Date "2000.10.10"]
[Round "5"]
[White "Fleckner, Hans"]
[Black "Wolf, Alfred"]
[Result "1/2-1/2"]
[WhiteElo "1817"]
[BlackElo "1800"]
[PlyCount "45"]
[EventDate "2000.??.??"]

1. e4 c6 2. d4 d5 3. exd5 cxd5 4. Bd3 g6 5. c3 Nh6 6. Ne2 Bf5 7. Ng3 Bxd3 8.
Qxd3 Bg7 9. O-O O-O 10. f4 e6 11. Nd2 Nc6 12. Nf3 Rc8 13. Bd2 Qb6 14. Ne5 Rc7
15. b3 f6 16. Nxc6 Qxc6 17. Rfe1 Nf7 18. Kh1 Re8 19. Rac1 b5 20. h4 e5 21. f5
e4 22. Qf1 Bh6 23. Be3 1/2-1/2

[Event "1.Deut.ChessOrgAmatPok Voelklingen Sen"]
[Site "?"]
[Date "2000.10.10"]
[Round "5"]
[White "Haasper, Peter"]
[Black "Schampel, Arno"]
[Result "1/2-1/2"]
[WhiteElo "1782"]
[BlackElo "1755"]
[PlyCount "54"]
[EventDate "2000.??.??"]

1. d4 d5 2. c4 c6 3. Nc3 e6 4. cxd5 exd5 5. Nf3 Bd6 6. Bg5 f6 7. Bh4 Bf5 8. e3
Ne7 9. Bd3 Qc7 10. Qc2 Bxd3 11. Qxd3 Nd7 12. Rc1 a6 13. a3 Ng6 14. Nxd5 Qa5+
15. Nc3 Qh5 16. Ne4 Be7 17. Bg3 O-O 18. O-O Qd5 19. Qc4 Nb6 20. Qxd5+ Nxd5 21.
Nc3 Nb6 22. Nd2 Rac8 23. Nce4 Rfd8 24. Rc2 Rd5 25. Nc5 Bxc5 26. Rxc5 Rcd8 27.
Rfc1 f5 1/2-1/2

[Event "1.Deut.ChessOrgAmatPok Voelklingen Sen"]
[Site "?"]
[Date "2000.10.10"]
[Round "5"]
[White "Gimber , Robert"]
[Black "Fiedler, Eduard"]
[Result "1-0"]
[WhiteElo "1684"]
[BlackElo "1736"]
[PlyCount "64"]
[EventDate "2000.??.??"]

1. Nf3 d5 2. d4 Nf6 3. c4 c6 4. Nc3 e6 5. Bg5 Be7 6. e3 O-O 7. Rc1 Nbd7 8. Bd3
a6 9. O-O dxc4 10. Bxc4 Re8 11. Bd3 h6 12. Bh4 Nd5 13. Bxe7 Qxe7 14. e4 Nf4 15.
Bb1 Nf8 16. Qd2 N8g6 17. e5 Rd8 18. Qe3 b5 19. Ne4 Bd7 20. Nc5 Be8 21. Be4 Qc7
22. Nd2 f6 23. f3 f5 24. Bd3 Ra7 25. g3 Nd5 26. Qe2 Kh7 27. f4 Nh8 28. Nf3 Nf7
29. Bc2 a5 30. Bd1 g6 31. Nxe6 Qb6 32. Nxd8 Qxd8 1-0

[Event "1.Deut.ChessOrgAmatPok Voelklingen Sen"]
[Site "?"]
[Date "2000.10.10"]
[Round "5"]
[White "Wolf, Margot"]
[Black "Backes, Robert"]
[Result "0-1"]
[WhiteElo "1166"]
[BlackElo "1642"]
[PlyCount "122"]
[EventDate "2000.??.??"]

1. d4 Nf6 2. Nf3 b6 3. Bf4 Bb7 4. e3 e6 5. h3 d5 6. Be2 c5 7. c3 Nc6 8. Nbd2
cxd4 9. exd4 h6 10. O-O Bd6 11. Bxd6 Qxd6 12. Bd3 O-O 13. Re1 Rfe8 14. Qc2 e5
15. dxe5 Nxe5 16. Nxe5 Rxe5 17. Nf3 Rxe1+ 18. Rxe1 Rc8 19. Nd4 Re8 20. Rxe8+
Nxe8 21. Qe2 Nf6 22. Qe1 a6 23. Qe2 b5 24. a3 Kf8 25. Kh1 Bc8 26. Qf3 Bd7 27.
Bf5 Qe5 28. Bxd7 Nxd7 29. Nc6 Qe6 30. Nb4 Nf6 31. Kg1 Ne4 32. Qd3 Nf6 33. Kh1
Qd6 34. Nc2 Ne4 35. Qe3 Qf6 36. Kg1 Qc6 37. Nb4 Qb7 38. Qd4 Nf6 39. Qc5+ Kg8
40. Qc6 Qxc6 41. Nxc6 Kf8 42. f3 Ne8 43. Nb4 Nc7 44. Kf2 Ke7 45. Ke3 Kd6 46.
Kd3 h5 47. g3 g5 48. g4 h4 49. b3 Ke5 50. Ke3 Kd6 51. Kd3 a5 52. Nc2 Ne6 53.
Nd4 Nf4+ 54. Ke3 Nxh3 55. Nf5+ Ke5 56. Nd4 Nf4 57. Ne2 Nxe2 58. Kxe2 f5 59. Kf2
fxg4 60. fxg4 Kf4 61. Kg2 Kxg4 0-1

[Event "1.Deut.ChessOrgAmatPok Voelklingen Sen"]
[Site "?"]
[Date "2000.10.10"]
[Round "5"]
[White "Hennige, Anneliese"]
[Black "Dunkel, Horst"]
[Result "0-1"]
[WhiteElo "100"]
[BlackElo "1651"]
[PlyCount "80"]
[EventDate "2000.??.??"]

1. e4 d5 2. d3 dxe4 3. Nc3 exd3 4. cxd3 Nf6 5. Nf3 Bg4 6. Be2 e6 7. O-O Be7 8.
Qa4+ c6 9. Rd1 O-O 10. Qb3 Qc7 11. h3 Bxf3 12. Bxf3 Nbd7 13. Ne2 Nb6 14. Bf4
Bd6 15. Bg3 Bxg3 16. Nxg3 Nbd5 17. Qc4 Qb6 18. Qc2 Rad8 19. Qd2 Rd7 20. Ne4
Rfd8 21. Rab1 h6 22. g4 Nxe4 23. Bxe4 Nf6 24. Qf4 Rd4 25. Kg2 Nxe4 26. Qe3 Nf6
27. Rd2 Qa5 28. b3 Qd5+ 29. f3 Rxd3 30. Rxd3 Qxd3 31. Re1 Qxe3 32. Rxe3 Rd2+
33. Kg3 Rxa2 34. Rd3 Nd5 35. Kh4 Rc2 36. Kg3 Rc3 37. Rxc3 Nxc3 38. b4 Kf8 39.
Kf4 Nd5+ 40. Ke4 Nxb4 0-1

[Event "1.Deut.ChessOrgAmatPok Voelklingen GrC"]
[Site "?"]
[Date "2000.10.10"]
[Round "5"]
[White "Ragg, Wolfgang"]
[Black "Umla, Rudolf"]
[Result "1/2-1/2"]
[WhiteElo "1695"]
[BlackElo "1617"]
[PlyCount "28"]
[EventDate "2000.??.??"]

1. e4 e5 2. Bc4 Nf6 3. d4 exd4 4. Nf3 Nc6 5. Bg5 Be7 6. O-O O-O 7. Re1 d6 8.
Nxd4 Re8 9. Nc3 Bd7 10. f3 Nxd4 11. Qxd4 Bc6 12. Rad1 Nd7 13. Bxe7 Qxe7 14. Qf2
Nf6 1/2-1/2

[Event "1.Deut.ChessOrgAmatPok Voelklingen GrC"]
[Site "?"]
[Date "2000.10.10"]
[Round "5"]
[White "Conrad, Egon"]
[Black "Mueller, Ronny"]
[Result "0-1"]
[WhiteElo "1643"]
[BlackElo "1433"]
[PlyCount "98"]
[EventDate "2000.??.??"]

1. d4 f5 2. g3 e6 3. Bg2 Nf6 4. Nf3 Be7 5. Bg5 O-O 6. c4 d6 7. Nc3 Nbd7 8. O-O
h6 9. Be3 Kh8 10. Nh4 Qe8 11. Nb5 Bd8 12. Qd2 g5 13. Nf3 Ne4 14. Qc1 a6 15. Nc3
Nxc3 16. Qxc3 Bf6 17. Qd2 e5 18. dxe5 dxe5 19. Qc2 e4 20. Nd2 Ne5 21. f4 exf3
22. exf3 Rb8 23. Rfe1 Qf7 24. Ba7 Ra8 25. Bd4 Nc6 26. Bxf6+ Qxf6 27. Nb3 f4 28.
g4 Bxg4 29. fxg4 f3 30. Rf1 Nd4 31. Nxd4 Qxd4+ 32. Qf2 Qxg4 33. Rad1 Kg8 34.
Qg3 Qxg3 35. hxg3 fxg2 36. Rxf8+ Rxf8 37. Rd7 Rf7 38. Rd8+ Kg7 39. Kxg2 Kg6 40.
Rd5 Rf6 41. Rd7 Rd6 42. Rxd6+ cxd6 43. Kf3 h5 44. a4 a5 45. b3 Kf5 46. Ke3 Ke5
47. Kd3 h4 48. gxh4 gxh4 49. Ke3 h3 0-1

[Event "1.Deut.ChessOrgAmatPok Voelklingen GrC"]
[Site "?"]
[Date "2000.10.10"]
[Round "5"]
[White "Schroeder, Werner"]
[Black "Kirschner, Gerhard,Dr."]
[Result "1/2-1/2"]
[WhiteElo "1620"]
[BlackElo "1401"]
[PlyCount "31"]
[EventDate "2000.??.??"]

1. e4 c5 2. Nc3 e6 3. f4 a6 4. Nf3 b5 5. d3 Nc6 6. e5 d6 7. exd6 Bxd6 8. Ne4
Be7 9. Be3 Nd4 10. Bxd4 cxd4 11. Be2 Nf6 12. Nxf6+ Bxf6 13. O-O O-O 14. Ne5 Bb7
15. Bf3 Bxf3 16. Qxf3 1/2-1/2

[Event "1.Deut.ChessOrgAmatPok Voelklingen GrC"]
[Site "?"]
[Date "2000.10.10"]
[Round "5"]
[White "Woelk, Peter"]
[Black "Bruene, Gerhard,Prf."]
[Result "1/2-1/2"]
[WhiteElo "1516"]
[BlackElo "1345"]
[PlyCount "37"]
[EventDate "2000.??.??"]

1. d4 d5 2. Nf3 Nf6 3. e3 e6 4. Bd3 Nbd7 5. c3 c5 6. Nbd2 b6 7. e4 dxe4 8. Nxe4
Bb7 9. Qe2 Be7 10. O-O O-O 11. Bg5 h6 12. Bh4 Re8 13. Rad1 Nxe4 14. Bxe7 Qxe7
15. Bxe4 Bxe4 16. Qxe4 Nf6 17. Qe2 cxd4 18. cxd4 Red8 19. Rd2 1/2-1/2